Longest Train Journeys in the World - Statistics

General Stats
  • This quiz has been taken 107 times
  • The average score is 13 of 33
Answer Stats
Answer % Correct
Moscow
96%
Beijing
95%
Los Angeles
80%
Vladivostok
80%
Shanghai
78%
Chicago
73%
Toronto
66%
Vancouver
65%
Sydney
63%
Guangzhou
58%
Perth
58%
Emeryville
52%
Ürümqi
49%
Lhasa
46%
Pyongyang
46%
Shenzhen
44%
Xi’an
44%
Harbin
43%
Chengdu
41%
Nanjing
30%
Kunming
27%
Tashkent
22%
Nanning
19%
Changchun
14%
Dushanbe
14%
Haikou
11%
Fuzhou
10%
Kashgar
6%
Thiruvananthapuram
6%
Sanya
4%
Silchar
4%
Jiamusi
3%
Yining
3%
No matching quizzes found
Score Distribution
Percent of People with Each Score
Percentile by Number Answered
Your Score History
You have not taken this quiz